<?xml version="1.0" encoding="UTF-8"?>
<record
    xmlns:xsi="http://www.w3.org/2001/XMLSchema-instance"
    xsi:schemaLocation="http://www.loc.gov/MARC21/slim http://www.loc.gov/standards/marcxml/schema/MARC21slim.xsd"
    xmlns="http://www.loc.gov/MARC21/slim">

  <leader>00958nam a2200145   4500</leader>
  <controlfield tag="008">599.95 H254s</controlfield>
  <datafield tag="020" ind1=" " ind2=" ">
    <subfield code="a">9780822362241</subfield>
  </datafield>
  <datafield tag="082" ind1=" " ind2=" ">
    <subfield code="a">599.95</subfield>
    <subfield code="b">H254s</subfield>
  </datafield>
  <datafield tag="100" ind1=" " ind2=" ">
    <subfield code="a">Haraway, Donna J. </subfield>
    <subfield code="9">6913</subfield>
  </datafield>
  <datafield tag="245" ind1=" " ind2=" ">
    <subfield code="a">Staying with the Trouble </subfield>
    <subfield code="b">Making Kin in the Chthulucene</subfield>
  </datafield>
  <datafield tag="260" ind1=" " ind2=" ">
    <subfield code="a">Estados Unidos</subfield>
    <subfield code="b">Duke University Press</subfield>
    <subfield code="c">2016</subfield>
  </datafield>
  <datafield tag="300" ind1=" " ind2=" ">
    <subfield code="a">296 p.</subfield>
    <subfield code="b">ill (col)</subfield>
    <subfield code="c">23 x 15 cm</subfield>
  </datafield>
  <datafield tag="505" ind1=" " ind2=" ">
    <subfield code="t">Introduction </subfield>
    <subfield code="t">1. Playing string figures with companion species </subfield>
    <subfield code="t">2. Tentacular thinking: Anthropocene, Capitalocene, Chthulucene</subfield>
    <subfield code="t">3. Sympoiesis: Symbiogenesis and the Lively Arts of Staying with the Trouble </subfield>
    <subfield code="t">4. Making Kin: Anthropocene, Capitalocene, Plantationocene, Chthulucene</subfield>
    <subfield code="t">5. Awash in Urine: DES and Premarin in Multispecies Response-ability </subfield>
    <subfield code="t">6. Sowing Worlds: A Seed Bag for Terraforming with Earth Others</subfield>
    <subfield code="t">7. A Curious Practice</subfield>
    <subfield code="t">8. The Camille Stories: Children of Compost </subfield>
  </datafield>
  <datafield tag="650" ind1=" " ind2=" ">
    <subfield code="x">ecolog&#xED;a</subfield>
    <subfield code="x">relaciones humanas-animales</subfield>
    <subfield code="x">mam&#xED;feros </subfield>
    <subfield code="x">ambiente-psicolog&#xED;a </subfield>
    <subfield code="9">6914</subfield>
  </datafield>
  <datafield tag="999" ind1=" " ind2=" ">
    <subfield code="c">1728</subfield>
    <subfield code="d">1728</subfield>
  </datafield>
  <datafield tag="952" ind1=" " ind2=" ">
    <subfield code="0">0</subfield>
    <subfield code="1">0</subfield>
    <subfield code="2">ddc</subfield>
    <subfield code="4">0</subfield>
    <subfield code="7">0</subfield>
    <subfield code="a">LV</subfield>
    <subfield code="b">LV</subfield>
    <subfield code="c">Pensamiento</subfield>
    <subfield code="d">2019-02-21</subfield>
    <subfield code="l">0</subfield>
    <subfield code="o">599.95 H254s</subfield>
    <subfield code="p">004682</subfield>
    <subfield code="r">2019-02-21 00:00:00</subfield>
    <subfield code="w">2019-02-21</subfield>
    <subfield code="y">01</subfield>
  </datafield>
</record>
